000 00767nam a2200253Ia 4500
003 OSt
005 20220926013320.0
006 a|||||r|||| 00| 0
007 ta
008 220923b |||||||| |||| 00| 0 eng d
037 _cGeneral Book
040 _aRTL
_cRTL
_beng
041 _2eng
_aeng
082 _aY7935.N6, K6
100 _aLessa William A
_9136203
245 0 _aUlithi
_b A micronesian design for living
260 _aNew York
_bHolt Rinchart and Winston
_c1966
300 _ax, 188p
_ccm.
490 _aCase Studies in Cultural Anthropology. Ed by George and Louise Spindler
500 _aBibliography: P 117-18
650 _aRed Indians
942 _hY7935.N6, K6
_cGB
_2CC
999 _c625686
_d625686